El lenguaje y los problemas del conocimiento: conferencias de Managua 1
Guardat en:
| Autor principal: | |
|---|---|
| Format: | Llibre |
| Idioma: | espanyol |
| Publicat: |
Madrid
Visor
1992
|
| Edició: | 2a. ed |
| Col·lecció: | Colección linguística y conocimiento, 2
|
| Matèries: | |
| Etiquetes: |
Afegir etiqueta
Sense etiquetes, Sigues el primer a etiquetar aquest registre!
|
MARC
| LEADER | 00000nam a2200000 a 4500 | ||
|---|---|---|---|
| 001 | UCY1771 | ||
| 003 | CL-VaPUC | ||
| 008 | 940915e19920000SP |||||||||||||||||spa|d | ||
| 082 | 0 | 4 | |a 410 |b CHO |2 21 |
| 100 | 0 | |a Chomsky, Noam |e author |9 320717 | |
| 245 | 1 | 3 | |a El lenguaje y los problemas del conocimiento: conferencias de Managua 1 |
| 250 | |a 2a. ed | ||
| 300 | |a 160 p | ||
| 942 | |c BK | ||
| 945 | |d 19940915 00:00:00 |a rbrito | ||
| 260 | |a Madrid |b Visor |c 1992 | ||
| 650 | 0 | |a Lingüística |9 265068 | |
| 650 | 0 | |a Investigación lingüística |9 329785 | |
| 650 | 0 | |a Análisis lingüístico |9 314711 | |
| 583 | |a last modification |c 19940915 00:00:00 |k Rodrigo Vera | ||
| 490 | 0 | |a Colección linguística y conocimiento, 2 | |
| 999 | |c 230371 |d 230369 | ||
| 952 | |0 0 |1 0 |4 0 |6 410_000000000000000_CHO_1992 |7 0 |8 A |9 232579 |a FDOPOS |b FDOPOS |d 2019-11-15 |i 3019489 |o 410 CHO 1992 |p 3019489 |r 2025-01-22 |w 2019-11-15 |y BK |k MLA | ||
| 952 | |0 0 |1 0 |4 0 |6 410_000000000000000_CHO_1992 |7 0 |8 A |9 232580 |a FDOPOS |b BIBEDU |d 2019-11-15 |i 368962K |l 1 |o 410 CHO 1992 |p 368962K |r 2025-01-22 |s 2022-05-26 |w 2019-11-15 |y BK |k MLA | ||